000 00588nam a2200217Ia 4500
003 GCL
008 140319s9999 xx 000 0 ara d
040 _aGCL /
_cGCL
082 0 4 _aق
_b322.4
_bف ش
100 1 _aفتحى عبدالفتاح
245 1 0 _aشيوعيون وناصريون /
_cفتحى عبدالفتاح
300 _a268 ص
490 _a
650 0 4 _aالعصر الحديث
650 0 4 _aمصر
650 0 4 _aتاريخ
650 0 4 _aالاحوال السياسية
650 0 4 _aالناصرية
650 0 4 _aجمال عبدالناصر
942 _2ddc
_cBK
999 _c66153
_d66153